000 00406nam a2200181Ia 4500
001 19463
005 20260306172655.0
008 260306t2013||||xx |||||||||||||| ||spa||
041 _aESP
082 _a347.51L
_bJ92 2013
100 _aJurista Editores
_eAUT
245 0 _aLey general de sociedades
260 _c2013
300 _a
_c
650 _aGEN
654 _aCDE
942 _cLIB
_dJUS
_fJUS
_2ddc
_n
999 _c19463
_d19463